[Event "North American-ch U20"]
[Site "Charlotte"]
[Date "2020.12.19"]
[Round "2"]
[White "Sandoval Mercado, Carlos"]
[Black "Orellana, Juan"]
[Result "1-0"]
[WhiteElo "2298"]
[BlackElo "2089"]
[PlyCount "139"]
[EventDate "2020.12.19"]
[EventType "swiss"]
[EventRounds "9"]
[EventCountry "USA"]
[SourceTitle "CBM 199 Extra"]
[Source "ChessBase"]
[SourceDate "2021.01.31"]
[SourceVersion "1"]
[SourceVersionDate "2021.01.31"]
[SourceQuality "1"]

1. d4 d5 2. c4 dxc4 3. e4 e5 4. Nf3 exd4 5. Bxc4 Nc6 6. 0-0 Be6 7. Bxe6 fxe6 8. Qb3 Qd7 9. Qxb7 Rb8 10. Qa6 Bd6 11. a3 Nf6 12. Nbd2 0-0 13. Qd3 Kh8 14. g3 e5 15. Kg2 Ne7 16. Nc4 Ng6 17. h3 Qb5 18. Re1 Nd7 19. b4 Nb6 20. Ncxe5 Qe8 21. Nxg6+ Qxg6 22. Bb2 c5 23. bxc5 Bxc5 24. Rac1 Na4 25. Bxd4 Bxd4 26. Qxd4 Nb6 27. Rc7 Rbd8 28. Qc3 Nc8 29. Re2 Nd6 30. a4 Nc8 31. Nh4 Qf6 32. e5 Qe6 33. Nf3 h6 34. a5 Rde8 35. Qc6 Qxc6 36. Rxc6 Ne7 37. Rc7 Nd5 38. Rxa7 Ra8 39. Rxa8 Rxa8 40. e6 Ne7 41. Ra2 Nc6 42. a6 Kg8 43. Nh4 Nb4 44. Ra4 Nxa6 45. Ng6 Nc7 46. Rxa8+ Nxa8 47. f4 Nc7 48. f5 h5 49. Kf3 Nd5 50. Ke4 Nc7 51. Ke5 Nb5 52. Kd5 Nc7+ 53. Kc6 Ne8 54. Kd7 Nf6+ 55. Kd8 Kh7 56. e7 Kh6 57. e8Q Nxe8 58. Kxe8 Kg5 59. Nh4 Kf6 60. Kf8 Kg5 61. Ke7 Kh6 62. f6 gxf6 63. Kxf6 Kh7 64. Kg5 Kg7 65. Kxh5 Kh7 66. g4 Kg7 67. g5 Kh7 68. g6+ Kh8 69. Kh6 Kg8 70. g7 1-0